000 00694nam a2200289Ia 4500
005 20260324130624.0
008 008 260324s9999 xx 000 0 eng d
020 _a9780203940563
037 _aEBOOK
040 _aCRL
040 _beng
040 _cCRL
041 _2eng
041 _aeng
084 _qCRL
100 _aSally Longson
_91182469
245 0 _aLife After...Biological Sciences
245 2 _bA Practical Guide to Life After Your Degree
260 _bTaylor and Francis
260 _c2007
365 _a
365 _b230
856 _uhttp://www.taylorfrancis.com/books/9780203940563
942 _cEBOOK
999 _c1778799
_d1778799